[Event "U.S. Championship"]
[Site "St Louis"]
[Date "2023.10.13"]
[Round "8"]
[White "Mishra, Abhimanyu"]
[Black "Sevian, Samuel"]
[Result "1-0"]
[WhiteElo "2592"]
[BlackElo "2698"]
[EventDate "2023.??.??"]
[Annotator "Bojkov,Dejan"]
[PlyCount "169"]
[Beauty "5087388764680"]
[EventCountry "USA"]

1.d4 Nf6 2.c4 e6 3.Nf3 b6 4.g3 Ba6 5.b3 Bb4+ {A solid opening quickly leads to a typical QID setup.} 6.Bd2 Be7 7.Nc3 d5 8.cxd5 exd5 9.Bg2 O-O 10.O-O Re8 11.Ne5 {The main move. This might have taken Sevian by surprise, as he started to think a lot from here on. 11.Rc1 is the modern continuation.} 11...Bb7 12.Rc1 Nbd7 13.Bf4 ( {Instead:} 13.Rc2 h6 14.Bf4 Nf8 15.Bc1 Ne6 16.Bb2 c6 17.e3 Bd6 18.Ne2 Rc8 19.Nf4 Rc7 20.Qa1 $5 {[%c_effect a1;square;a1;type;Interesting;persistent;true] was Yilmaz,M (2639)-Caruana, F (2782) Baku 2023} ) 13...Nf8 14.h4 $5 {[%c_effect h4;square;h4;type;Interesting;persistent;true] A move that was played in just one over-the-board game, and this game was one of Mishra's games $1 Somehow Sevian missed it (or forgot about it).} 14...h6 ( {Two email games saw} 14...Ne6 15.e3 c5 16.dxc5 Bxc5 {when White tried both} 17.Rc2 ( {and} 17.Nd3 Ba3 18.Rb1 Ne4 19.Nb5 Bf8 20.Rc1 {Schmidt,J (2262)-Cardoso,S (2249) LSS email 2019} ) 17...Rc8 18.Qd3 Qe7 19.Nb5 {in both cases with complex, interesting play ahead, Gromotka,H (2356)-Gonzalez Gigato,J (2210) ICCF email 2019} ) 15.e3 Ne6 {[#]} ( {The immediate} 15...c6 $5 {[%c_effect c6;square;c6;type;Interesting;persistent;true] also makes sense in order to meet} 16.g4 {with} 16...N6d7 ) 16.g4 $146 {A novelty upon his own game $1 White is obstructing the opponent's central counterplay.} ( {The predecessor was a very, very fresh game which went:} 16.Ng4 Nxf4 17.Nxf6+ Bxf6 18.exf4 c6 19.Qd2 Qd6 20.Rfe1 Rxe1+ 21.Rxe1 Qb4 22.Rd1 {and the game eventually ended with a draw, Mishra,A (2550)-Bok,B (2607) Saint Louis 2023} ) 16...c6 ( {Now} 16...c5 $2 {[%c_effect c5;square;c5;type;Mistake;persistent;true] is not possible due to} 17.g5 $1 {[%c_effect g5;square;g5;type;GreatFind;persistent;true]} 17...hxg5 18.hxg5 Ne4 19.Nxe4 dxe4 20.Qh5 {when Black's position collapses.} ) 17.Bg3 {But this retreat spoiled White's opening idea.} ( {The principled continuation was} 17.g5 $5 {[%c_effect g5;square;g5;type;Interesting;persistent;true] when after} 17...hxg5 ( {In case of} 17...Nd7 18.Qh5 {might transpose into the main line.} ( {But White has an additional and good choice} 18.gxh6 Nxf4 19.exf4 Nxe5 20.dxe5 ) ) 18.hxg5 Nd7 19.Qh5 Nxe5 {White has a fantastic computer-like attack with} 20.Bxe5 $1 {[%c_effect e5;square;e5;type;GreatFind;persistent;true]} 20...Bxg5 21.f4 Bh6 22.Bh3 $3 {[%c_effect h3;square;h3;type;Brilliant;persistent;true] Then after} ( 22.Rf3 $5 {[%c_effect f3;square;f3;type;Interesting;persistent;true] is also liked by the machine.} ) 22...f6 23.Kh1 fxe5 24.Rg1 $1 {[%c_effect g1;square;g1;type;GreatFind;persistent;true] the comp promises White more than enough for the piece. In fact, it claims a decisive advantage.} ) 17...c5 $1 {[%c_effect c5;square;c5;type;GreatFind;persistent;true] Sevian grabs his chance. Now that g4-g5 is not a threat, this had become possible.} ( 17...Nd7 $5 {[%c_effect d7;square;d7;type;Interesting;persistent;true] to remove the important knight made perfect sense too.} ) 18.dxc5 Bxc5 19.Qf3 Qe7 {Black has equalized.} 20.Nd3 {Now Black even gets a chance to play for an advantage.} ( 20.Rfd1 $5 {[%c_effect d1;square;d1;type;Interesting;persistent;true] looked more appropriate.} ) 20...Rad8 ( {It made sense to keep the bishop alive with} 20...Ba3 $1 {[%c_effect a3;square;a3;type;GreatFind;persistent;true]} 21.Rcd1 Rad8 {when Black's position seems more pleasant.} ( {Or} 21...Ne4 ) ) 21.Nxc5 {Taking the chance to get rid of the strong piece.} 21...bxc5 {Black too, is happy to modify his pawn structure.} 22.Be5 Nd7 {The knight is transfered to a safer square.} ( {However, there was a strong argument for} 22...Ne4 $1 {[%c_effect e4;square;e4;type;GreatFind;persistent;true] when after} 23.Nxe4 dxe4 24.Qg3 {the sudden retreat} 24...Nf8 $3 {[%c_effect f8;square;f8;type;Brilliant;persistent;true]} ( {Even better than} 24...Ba6 25.Rfd1 Bd3 26.f4 ) 25.Bc3 Ng6 $1 {[%c_effect g6;square;g6;type;GreatFind;persistent;true] gives a big advantage to Black.} ) 23.Bg3 Nb6 24.Rfe1 Rd7 {Unfortunately for him, Sevian chooses the wrong plan. His idea is correct, and the d5-d4 break should be prepared, but his execution fails concretely.} ( {The suprising, concrete, and totally inhuman idea} 24...Ba8 $1 {[%c_effect a8;square;a8;type;GreatFind;persistent;true] would have prepared the break better, as after} 25.Qf5 d4 $1 {[%c_effect d4;square;d4;type;GreatFind;persistent;true]} 26.Bxa8 Nxa8 $3 {[%c_effect a8;square;a8;type;Brilliant;persistent;true] the black rook supports the d-passer and this is decisive in the line} 27.exd4 cxd4 28.Ne2 $2 {[%c_effect e2;square;e2;type;Mistake;persistent;true]} 28...d3 $1 {[%c_effect d3;square;d3;type;GreatFind;persistent;true]} ) 25.Qf5 {Aiming at the pawns.} 25...Red8 ( {Alas} 25...d4 {no longer works due to} 26.Bxb7 Rxb7 27.exd4 cxd4 28.Ne2 ) 26.Ne2 $1 {[%c_effect e2;square;e2;type;GreatFind;persistent;true] Very deep play by Mishra $1} 26...Re8 {It might have been here that Sevian realised his plan would not work.} ( {Once again} 26...d4 {is principled, but unsound due to} 27.exd4 cxd4 28.Nf4 $1 {[%c_effect f4;square;f4;type;GreatFind;persistent;true]} ) 27.Red1 {The loss of time starts to tell and the hanging pawns are under pressure.} 27...Red8 28.Nf4 {And Black decided that the center would collapse anyway and sacrificed a pawn.} 28...Nxf4 29.Qxf4 d4 30.Bxb7 Rxb7 31.exd4 cxd4 32.Rxd4 Rxd4 33.Qxd4 Rd7 34.Qe5 {There is not enough compensation, and Mishra should win.} ( 34.Qf4 $5 {[%c_effect f4;square;f4;type;Interesting;persistent;true] looked good as well.} ) 34...Qb4 ( {There is nothing for Black after} 34...Qxe5 35.Bxe5 Rd2 36.a4 ) 35.g5 hxg5 36.hxg5 Qd2 37.Bf4 Qd5 {Or else White's attack becomes unstoppable.} ( {As in the line} 37...Qd3 38.Rc3 Qd1+ 39.Kh2 Rd8 40.g6 $1 {[%c_effect g6;square;g6;type;GreatFind;persistent;true]} ) 38.Qxd5 Nxd5 39.Bd2 Kh7 40.Kg2 Kg6 41.Kf3 Ne7 42.Bf4 Nf5 43.Kg4 ( {Faster was} 43.Rc6+ $1 {[%c_effect c6;square;c6;type;GreatFind;persistent;true]} 43...Kh5 44.Ke4 ) 43...Ne7 {The question is which endgame $2 The rook one, or...} 44.Rc7 {The minor-piece one it is.} ( {Although White also wins after} 44.Rc5 Nd5 45.Ra5 Nxf4 46.Kxf4 ) 44...Rxc7 45.Bxc7 Nd5 46.Bb8 a6 {A solid extra pawn, superior bishop, and a more active king. What could possibly go wrong for White $2} 47.f4 {Now Sevian gets a hidden chance.} ( 47.a3 $1 {[%c_effect a3;square;a3;type;GreatFind;persistent;true] would have done the job neatly instead.} ) 47...f5+ {Which remained hidden.} ( {The tricky knight could have saved the day with} 47...Ne3+ $3 {[%c_effect e3;square;e3;type;Brilliant;persistent;true]} 48.Kf3 Nd5 $3 {[%c_effect d5;square;d5;type;Brilliant;persistent;true] Black is threatening a blockade with Kg6-f5, a blockade which cannot be stopped as} 49.Ke4 $2 {[%c_effect e4;square;e4;type;Mistake;persistent;true]} 49...Nc3+ {drops the vital pawn which did not move on the previous move.} ) 48.Kf3 Nb4 49.a4 Nc6 50.Be5 {Now everything is back in order for Mishra and he never lets the win slip away.} 50...Kf7 51.Bc3 g6 52.Ke3 Ke6 53.b4 Kd5 54.Kd3 Ne7 55.Bd4 {Once the white pieces are improved to the maximum he can push his passer.} 55...Nc6 56.Bc5 Na5 ( 56...Nd8 57.Be3 {changes nothing.} ) 57.Bf2 Nc4 58.Kc3 {A good move, of course.} ( {The most convincing line was} 58.b5 $1 {[%c_effect b5;square;b5;type;GreatFind;persistent;true]} 58...Nb2+ 59.Kc2 Nxa4 60.bxa6 Kc6 61.Bd4 $1 {[%c_effect d4;square;d4;type;GreatFind;persistent;true]} ) 58...Nd6 59.Bd4 Ne4+ 60.Kd3 Nd6 61.Bg1 Nc4 62.b5 axb5 63.axb5 Nd6 64.b6 Nb7 65.Be3 Nd6 66.Kc3 {The infiltration of the white king is inevitable.} 66...Ke4 ( {Or} 66...Nb7 67.Kb4 Kc6 68.Kc4 Nd6+ 69.Kd4 Nb7 70.Bf2 {and again everything will end with a zugzwang.} ) 67.Bc1 Kd5 68.Kb4 Kc6 69.Be3 Kd5 70.Bc5 Nb7 71.Be3 Nd6 72.Ka5 Kc6 73.Ka6 Nb7 74.Bd4 Nd8 75.Bf6 Ne6 76.Be7 {The final zugzwang. The pawn is unstoppable.} 76...Nxf4 77.b7 Nd5 78.b8=Q Nxe7 79.Qe5 Kd7 80.Kb7 f4 81.Qxf4 Nf5 82.Qa4+ Ke7 83.Kc7 Ng7 84.Qd7+ Kf8 85.Qd8+ 1-0

[Event "U.S. Championship 2023"]
[Site "St Louis"]
[Date "2023.10.10"]
[Round "5"]
[White "Robson, Ray"]
[Black "Xiong, Jeffery"]
[Result "1-0"]
[WhiteElo "2699"]
[BlackElo "2693"]
[EventDate "2023.??.??"]
[Annotator "Lenovo"]
[PlyCount "57"]
[Beauty "8251705937960"]
[EventCountry "USA"]

1.e4 e5 2.Nf3 Nf6 3.d4 Nxe4 4.Bd3 d5 5.Nxe5 Nd7 {A solid line, which has been used by the likes of Kramnik and Gelfand, to name a few.} 6.O-O Nxe5 7.dxe5 Nc5 8.Be3 ( {In a recent game White got less than nothing after:} 8.Be2 Be7 9.c3 O-O 10.Be3 b6 11.c4 Ba6 12.cxd5 Bxe2 13.Qxe2 Qxd5 14.f4 Qd3 15.Nc3 Qxe2 16.Nxe2 f6 {Sindarov,J (2659)-Fedoseev,V (2676) Abu Dhabi 2023} ) 8...Be7 9.f4 Nxd3 10.Qxd3 {White gave up the bishop pair, but intends to advance his kingside majority fast.} 10...g6 11.Nc3 c6 12.Ne2 O-O {Gelfand also dared to castle in this position.} ( {A more solid approach is} 12...Bf5 13.Qb3 Qd7 14.Ng3 Be6 15.Qd3 Bf5 16.Qb3 Be6 17.f5 gxf5 18.Qd3 c5 19.Nxf5 O-O-O {and a draw was soon agreed in Idani,P (2627)-Bogner,S (2574) Sharjah 2021} ) 13.Ng3 ( {Black's position cannot be taken with brute force just yet. After} 13.f5 Bxf5 14.Rxf5 gxf5 15.Bh6 Kh8 16.Bxf8 Bxf8 17.Rf1 Qb6+ 18.Kh1 Qxb2 19.Nd4 Re8 20.Nf3 Qb5 $1 {[%c_effect b5;square;b5;type;GreatFind;persistent;true]} 21.Qd1 Kg8 22.Nd4 Qc4 23.Rxf5 Bg7 {Black repelled the attack and went on to win in Polgar,J (2680)-Gelfand,B (2758) Khanty-Mansiysk 2009} ) 13...Bh4 {A fierce battle is going on around the f5-square.} 14.Bc5 Re8 {[#] And the fierce battle leads once again to a direct skirmish.} 15.f5 $5 $146 {[%mdl 8] [%c_effect f5;square;f5;type;Interesting;persistent;true] Played after prolonged thought. \"This was very committal.\" (Robson) And it hapened to be a novelty.} ( {The predecessor game saw Black equalize comfortably after:} 15.Rad1 b6 16.Bd6 f5 17.Ne2 a5 18.Rd2 Ba6 19.Qf3 Be7 20.Bxe7 Qxe7 21.Rfd1 Bxe2 22.Qxe2 a4 {Adams,M (2709)-Sandipan,C (2579) Caleta 2018} ) ( {\"Obviously I could have played\"} 15.Rae1 {\"and I thought I am just better.\" (Robson)} ) ( {The prophylactical} 15.Kh1 {has also been tried, but without any success in the battle for an opening advantage} 15...Bxg3 16.Qxg3 Bf5 17.c3 h5 18.h3 Kh7 19.Kh2 b6 20.Bf2 Be4 21.Qh4 Qxh4 22.Bxh4 f5 23.exf6 Kg8 24.Rad1 Kf7 25.Rd2 Bf5 26.Kg1 {1/2-1/2 (26) Adams,M (2728)-Gelfand,B (2751) Plovdiv 2010} ) 15...Rxe5 $1 {[%c_effect e5;square;e5;type;GreatFind;persistent;true] Xiong needs to accept the challenge.} ( 15...Bxg3 $2 {[%c_effect g3;square;g3;type;Mistake;persistent;true]} 16.Qxg3 {is not just timid, it is going to be mate on the dark squares in the near future.} ) 16.fxg6 hxg6 17.Bd4 Re8 ( {Robson saw a beautiful trap in the line} 17...Re6 {A logical move which defends the vital g6-pawn.} 18.Nf5 $1 {[%c_effect f5;square;f5;type;GreatFind;persistent;true]} 18...gxf5 $6 {[%c_effect f5;square;f5;type;Inaccuracy;persistent;true]} ( {However, Black has the excellent defense} 18...Bg5 $1 {[%c_effect g5;square;g5;type;GreatFind;persistent;true] \"which was not clear\" (Robson) For instance, after} 19.h4 Re4 20.hxg5 Bxf5 {White has full compensation for the pawn, but Black has managed to repel the strongest wave of the attack.} ) 19.Qxf5 Rf6 20.Qh5 $3 {[%cal Gf1f4,Gf4g4,Gg4h4] [%c_effect h5;square;h5;type;Brilliant;persistent;true] \"There is no immediate threat of a capture on h4, but White is planning the unstoppable Rf1-f4xh4 $1\" (Robson) Fantastic stuff $1} ( 20.Bxf6 $4 {[%c_effect f6;square;f6;type;Blunder;persistent;true]} 20...Qb6+ ) 20...c5 21.Be5 ) ( {Even} 17...Rg5 $5 {[%c_effect g5;square;g5;type;Interesting;persistent;true] was an option here, based on the tactical line} 18.Bf6 ( {However, White can achieve more with} 18.Qe3 $1 {[%c_effect e3;square;e3;type;GreatFind;persistent;true]} ) 18...Rxg3 19.Bxd8 Rxd3 20.Bxh4 Rd2 {when Black is just fine.} ) 18.Rxf7 Kxf7 19.Rf1+ Ke7 20.Qxg6 {All of this was well calculated by White, who knew that he has a guaranteed perpetual, but was not sure if there was anything more.} ( {Apparently, White was debating between the move in the game and} 20.Bc5+ Kd7 21.Rf7+ {which should be met with the only move} 21...Re7 $3 {[%c_effect e7;square;e7;type;Brilliant;persistent;true] when the game remains approximately equal (according to the computer assessment, at least $1) after} ( 21...Be7 $2 {[%c_effect e7;square;e7;type;Mistake;persistent;true] loses to the spectacular} 22.Ne4 $3 {[%c_effect e4;square;e4;type;Brilliant;persistent;true]} ) 22.Qxg6 ( 22.Bxe7 Bxe7 23.Qxg6 Qb6+ $1 {[%c_effect b6;square;b6;type;GreatFind;persistent;true]} 24.Kf1 Qxb2 ) 22...Rxf7 23.Qxf7+ Be7 24.Nf5 Qf8 $1 {[%c_effect f8;square;f8;type;GreatFind;persistent;true]} 25.Qh7 Ke8 26.Nxe7 Be6 $3 {[%c_effect e6;square;e6;type;Brilliant;persistent;true] Although here the game may definitely continue further with} 27.Qh5+ ( 27.b4 $5 {[%c_effect b4;square;b4;type;Interesting;persistent;true]} ) ( 27.h3 $5 {[%c_effect h3;square;h3;type;Interesting;persistent;true]} ) 27...Kd7 28.Qe5 Qh6 29.Qd6+ Ke8 30.h3 {in all cases with serious compensation for the exchange.} ) 20...Be6 {And yet, solving concrete, practical problems turned out to a difficult task even for an exceptional calculator like Xiong $1} ( {Black should have switched back to the line from above with} 20...Kd7 $1 {[%c_effect d7;square;d7;type;GreatFind;persistent;true]} 21.Rf7+ Re7 22.Nf5 Rxf7 23.Qxf7+ Be7 24.Bc5 ) 21.Qg7+ $1 {[%c_effect g7;square;g7;type;GreatFind;persistent;true] Now a forced line follows in which Robson had seen everything right.} 21...Kd6 22.Be5+ Kc5 23.Bd4+ Kd6 24.Be5+ Kc5 25.Bc7 $1 {[%c_effect c7;square;c7;type;GreatFind;persistent;true]} 25...Bf6 ( {If the queen moves} 25...Qd7 {it is mate in three} 26.Qc3+ Kb5 27.a4+ Kxa4 28.Qa5# ) 26.Rxf6 Rg8 ( {Whereas here} 26...Qd7 {is met with another spectacular clearance} 27.Rf7 $3 {[%c_effect f7;square;f7;type;Brilliant;persistent;true]} 27...Qxf7 28.Qc3+ ) 27.Ne4+ $3 {[%c_effect e4;square;e4;type;Brilliant;persistent;true] All of this was seen by White, including the mate $1} 27...Kb5 ( {As after} 27...dxe4 {there comes the last spectacular clearence sacrifice} 28.Rf5+ $3 {[%c_effect f5;square;f5;type;Brilliant;persistent;true]} 28...Bxf5 29.Qc3+ Kd5 ( 29...Kb5 30.a4+ Kxa4 31.Qa5# ) 30.Qe5+ Kc4 31.b3+ Kb4 32.Qa5# ) 28.a4+ Kb4 29.Qh6 {With a dual threat against the queen and the king.} ( {The end could have been} 29.Qh6 Qxc7 30.Qd2+ Kxa4 31.Nc3+ Ka5 32.Nxd5+ ) 1-0